| 000 | 00879nas a2200277 4500 | ||
|---|---|---|---|
| 001 | BR0808813 | ||
| 003 | BR-BrBNA | ||
| 005 | 20231205112557.0 | ||
| 007 | ta | ||
| 008 | 230509b bl.|||p| |||| 00| 00por d | ||
| 040 |
_aBR-BrBNA _bpor _cBiblioteca Nacional de Agricultura |
||
| 041 | _a(Pt) | ||
| 072 | _aF06 | ||
| 100 | 1 | _aRodrigues, B.H.N. | |
| 100 | 1 | _aMagalhães, J.A. | |
| 100 | 1 | _aCavalcante, R.F. | |
| 100 | 1 | _aBarros, W.S. de | |
| 245 | 1 | _aEfeito da idade de corte sobre o rendimento forrageiro do capim Tanzânia irrigado nos tabuleiros litorâneos do Piauí | |
| 650 | _aCAPIM COLONIÃO | ||
| 650 | _aCORTE | ||
| 650 | _aIRRIGAÇÃO | ||
| 650 | _aFORRAGEM | ||
| 773 | 0 |
_tRevista Científica de Produção Animal (Brazil) _xISSN 1415-563X _g(Jul-Dec 2006), v. 8(2) p. 21-27 _wBR0808813 |
|
| 909 |
_a202311 _bLúcia _c55 _dLúcia Elande |
||
| 942 |
_2AGRIS _n0 _cANA |
||
| 999 |
_c198760 _d198760 |
||